| 000 | 00436nam a2200157Ia 4500 | ||
|---|---|---|---|
| 008 | 120814t2006 xxu||||| |||| 00| 0 sin d | ||
| 041 | _asin | ||
| 080 |
_a8-31 _bPAG |
||
| 245 | _aමහාභාරතය ශල්යපර්වය 9,10 | ||
| 246 | _aMahabharathaya shalyaparwaya 9,10 | ||
| 260 |
_aS. Godage _aColombo _c2006 |
||
| 300 | _b266p, 21 cm | ||
| 942 | _cBK | ||
| 999 |
_c41426 _d41426 |
||
| 003 | LK-CoDNM | ||
| 040 |
_aLK-CoDNM _dLK-CoDNM _eLK-CoDNM |
||